[Event "only under 1900 (leisure version)"]
[Site "SchemingMind.com"]
[Date "2018.01.05"]
[Round "-"]
[White "Scooter"]
[Black "TheHornedReaper "]
[Result "1-0"]
[WhiteCountry "USA"]
[BlackCountry "ROU"]
[WhiteElo "1728"]
[WhiteRD "52"]
[BlackElo "1246"]
[BlackRD "49"]
[GameID "422851"]

1. d4 d5 2. Nf3 Nf6 3. Bf4 c5 4. c3 Nc6 5. e3 Qb6 6. Qb3 c4 7. Qxb6 axb6 8. Nbd2 b5 9. Be2 b4 10. Ne5 bxc3
11. bxc3 Nxe5 12. Bxe5 Bf5 13. O-O Ne4 14. Nxe4 Bxe4 15. f3 Bg6 16. a4 e6 17. Rf2 f6 18. Bc7
1-0

[Event "only under 1900 (leisure version)"]
[Site "SchemingMind.com"]
[Date "2018.01.05"]
[Round "-"]
[White "TheHornedReaper "]
[Black "Scooter"]
[Result "0-1"]
[WhiteCountry "ROU"]
[BlackCountry "USA"]
[WhiteElo "1246"]
[WhiteRD "49"]
[BlackElo "1728"]
[BlackRD "52"]
[GameID "422852"]

1. e4 c6 2. d4 d5 3. e5 Bf5 4. Nf3 e6 5. Be2 Nd7 6. O-O c5 7. c3 cxd4 8. cxd4 Bb4 9. Nc3 Ne7 10. a3 Bxc3
11. bxc3 O-O 12. Bd3 Bxd3 13. Qxd3 Rc8 14. Bd2 Nb6 15. Rab1 Nc4 16. Rb3 b6 17. Rc1 Nc6 18. h3 N4a5
0-1

[Event "only under 1900 (leisure version)"]
[Site "SchemingMind.com"]
[Date "2018.01.19"]
[Round "-"]
[White "dadshane2000"]
[Black "Scooter"]
[Result "1-0"]
[WhiteCountry "USA"]
[BlackCountry "USA"]
[WhiteElo "1882"]
[WhiteRD "92"]
[BlackElo "1679"]
[BlackRD "56"]
[GameID "423496"]

1. e4 c6 2. d4 d5 3. e5 Bf5 4. Nc3 e6 5. g4 Bg6 6. Nge2 Nd7 7. h4 h6 8. Nf4 Bh7 9. Bd3 Bb4 10. Bxh7 Rxh7
11. Qd3 Rh8 12. Bd2 Ne7 13. a3 Bxc3 14. Bxc3 Qc7 15. O-O-O O-O-O 16. Rhe1 g5 17. hxg5 hxg5 18. Nh5 Ng6 19. Bd2 c5 20. Bxg5 c4
21. Qc3 Rdg8 22. Bf6 Nxf6 23. Nxf6 Rg7 24. Rh1 Rxh1 25. Rxh1 Qe7 26. Qe3 Nf8 27. Rh8 Kc7 28. Qh6
1-0

[Event "only under 1900 (leisure version)"]
[Site "SchemingMind.com"]
[Date "2018.01.19"]
[Round "-"]
[White "Scooter"]
[Black "dadshane2000"]
[Result "1/2-1/2"]
[WhiteCountry "USA"]
[BlackCountry "USA"]
[WhiteElo "1679"]
[WhiteRD "56"]
[BlackElo "1882"]
[BlackRD "92"]
[GameID "423497"]

1. d4 Nf6 2. Nf3 g6 3. Bf4 Bg7 4. e3 d6 5. Nbd2 O-O 6. Be2 b6 7. O-O Bb7 8. h3 Nbd7 9. Rc1 Qe8 10. c4 e5
11. dxe5 dxe5 12. Bg5 c5 13. Qc2 e4 14. Bxf6 Nxf6 15. Nh2 Nd7 16. b3 f5 17. Nb1 Rd8 18. Rcd1 Qe7 19. Nc3 Nf6 20. Rxd8 Rxd8
21. Rd1 Rxd1+ 22. Qxd1 a6 23. Nf1 Qd7 24. Qxd7 Nxd7 25. Nd5 Bxd5 26. cxd5 b5 27. g4 Kf7 28. gxf5 gxf5 29. Ng3 Kf6 30. Nh5+ Kf7
31. Kf1 Nf6 32. Nxf6 Bxf6 33. a4 bxa4 34. bxa4 a5 35. Bb5 Be5 36. Ke2 Kg6 37. f4 exf3+ 38. Kxf3 Kg5 39. e4 f4 40. Bf1 h5=
1/2-1/2

[Event "only under 1900 (leisure version)"]
[Site "SchemingMind.com"]
[Date "2018.01.21"]
[Round "-"]
[White "dadshane2000"]
[Black "Transcendent"]
[Result "1-0"]
[WhiteCountry "USA"]
[BlackCountry "ENG"]
[WhiteElo "1930"]
[WhiteRD "87"]
[BlackElo "1325"]
[BlackRD "58"]
[GameID "423689"]

1. e4 e6 2. d4 d5 3. Nc3 Bb4 4. e5 c5 5. Qg4 Ne7 6. dxc5 Bxc3+ 7. bxc3 Qc7 8. Qxg7 Rg8 9. Qxh7 Qxc5 10. Bd2 Bd7
11. Ne2 Nbc6 12. g3 Nxe5 13. Qh5 N7c6 14. f4 Ng4 15. Qh7 Qf2+ 16. Kd1 Nf6 17. Qd3
1-0

[Event "only under 1900 (leisure version)"]
[Site "SchemingMind.com"]
[Date "2018.01.26"]
[Round "-"]
[White "Transcendent"]
[Black "dadshane2000"]
[Result "0-1"]
[WhiteCountry "ENG"]
[BlackCountry "USA"]
[WhiteElo "1325"]
[WhiteRD "58"]
[BlackElo "1930"]
[BlackRD "87"]
[GameID "423690"]

1. d4 Nf6 2. c4 g6 3. g3 Bg7 4. Bg2 O-O 5. Nc3 d6 6. Nf3 Nbd7 7. O-O e5 8. e4 c6 9. Bg5 h6 10. Be3 Ng4
11. Qd2 Nxe3 12. fxe3 Nb6
0-1

[Event "only under 1900 (leisure version)"]
[Site "SchemingMind.com"]
[Date "2018.01.21"]
[Round "-"]
[White "Scooter"]
[Black "Transcendent"]
[Result "1-0"]
[WhiteCountry "USA"]
[BlackCountry "ENG"]
[WhiteElo "1728"]
[WhiteRD "52"]
[BlackElo "1325"]
[BlackRD "58"]
[GameID "423691"]

1. d4 Nf6 2. Nf3 d5 3. Bf4 c5 4. e3 Qb6 5. b3 Nc6 6. Nbd2 Bf5 7. Bd3 Bxd3 8. cxd3 cxd4 9. exd4 Nxd4 10. O-O e6
11. Re1 Nxf3+ 12. Nxf3 Bb4 13. Bd2 Rc8 14. Bxb4 Qxb4 15. Rc1 O-O 16. Qd2 Qa3 17. Nd4 Rxc1 18. Rxc1
1-0

[Event "only under 1900 (leisure version)"]
[Site "SchemingMind.com"]
[Date "2018.01.26"]
[Round "-"]
[White "Transcendent"]
[Black "Scooter"]
[Result "0-1"]
[WhiteCountry "ENG"]
[BlackCountry "USA"]
[WhiteElo "1325"]
[WhiteRD "58"]
[BlackElo "1728"]
[BlackRD "52"]
[GameID "423692"]

1. d4 Nf6 2. c4 d6 3. Nc3 Bf5 4. f3 h6 5. e4 Bg6 6. Bd3 e5 7. Nge2 Nbd7 8. O-O exd4 9. Nxd4 Nc5 10. b4 Nxd3
11. Qxd3 Be7 12. Re1 O-O 13. Bb2 c6 14. Rad1 d5
0-1

[Event "only under 1900 (leisure version)"]
[Site "SchemingMind.com"]
[Date "2018.01.30"]
[Round "-"]
[White "dadshane2000"]
[Black "DANDYLIONHONEYBADGER"]
[Result "1-0"]
[WhiteCountry "USA"]
[BlackCountry "USA"]
[WhiteElo "1931"]
[WhiteRD "86"]
[BlackElo "1309"]
[BlackRD "69"]
[GameID "423884"]

1. d4 Nf6 2. c4 d5 3. Nf3 dxc4 4. e3 b5 5. a4 Bd7 6. axb5 Bxb5 7. Na3 c6 8. Bd2 Ne4 9. Bxc4 Nxd2 10. Qxd2 Bxc4
11. Nxc4 Qd5 12. Nb6 Qd6 13. Nxa8
1-0

[Event "only under 1900 (leisure version)"]
[Site "SchemingMind.com"]
[Date "2018.01.30"]
[Round "-"]
[White "DANDYLIONHONEYBADGER"]
[Black "dadshane2000"]
[Result "0-1"]
[WhiteCountry "USA"]
[BlackCountry "USA"]
[WhiteElo "1366"]
[WhiteRD "71"]
[BlackElo "1916"]
[BlackRD "89"]
[GameID "423885"]

1. e3 g6 2. d4 Nf6 3. f3 d5 4. h3 Bg7 5. c3 Nc6 6. a3 e5 7. Bb5 Bd7 8. dxe5 Nxe5 9. Bxd7+ Qxd7 10. f4 Nc6
11. Nd2 h5 12. Ngf3 O-O-O 13. Ng5 Rde8 14. Ndf3 Ne4 15. O-O Ng3 16. Re1 f6 17. Ne4 dxe4 18. Nd4 Nxd4 19. Kf2 Ndf5 20. Qxd7+ Kxd7
21. Rd1+ Kc8 22. Bd2 h4 23. Re1 Rd8 24. Red1 Rd7 25. a4 Rhd8 26. a5 Rxd2+ 27. Rxd2 Rxd2+ 28. Ke1 Rxg2
0-1

[Event "only under 1900 (leisure version)"]
[Site "SchemingMind.com"]
[Date "2018.01.30"]
[Round "-"]
[White "Scooter"]
[Black "DANDYLIONHONEYBADGER"]
[Result "1-0"]
[WhiteCountry "USA"]
[BlackCountry "USA"]
[WhiteElo "1704"]
[WhiteRD "73"]
[BlackElo "1404"]
[BlackRD "70"]
[GameID "423886"]

1. d4 e6 2. Nf3 f6 3. Bf4 g5 4. Bg3 Be7 5. e3 Na6 6. Bxa6 bxa6 7. O-O g4 8. Nfd2 Nh6 9. c4 Nf5 10. Qxg4 Bb7
11. Nc3 Nh6 12. Qf4 Nf5 13. Qxc7 Qxc7 14. Bxc7 Rc8 15. Bg3 Nxg3 16. fxg3 Rf8 17. e4 Bb4 18. a3 Bxc3 19. bxc3 Ke7 20. Rab1 Bc6
21. d5 exd5 22. cxd5 Bb5 23. c4 Bxc4 24. Nxc4 Rxc4 25. Rb4 Rxb4 26. axb4 d6 27. Kf2 Rb8 28. Rc1 Rxb4 29. Rc7+ Kd8 30. Rxa7 Rxe4
31. Rxa6 Kd7 32. Ra7+ Ke8 33. Rxh7 Re5 34. h4 Rf5+ 35. Ke3 Rxd5 36. g4 Re5+ 37. Kd4 d5 38. g5 Re7 39. Rxe7+ Kxe7 40. gxf6+ Kxf6
41. Kxd5 Kf5 42. g3 Kg4 43. Ke5 Kxg3 44. h5 Kg4 45. h6 Kg5 46. h7
1-0

[Event "only under 1900 (leisure version)"]
[Site "SchemingMind.com"]
[Date "2018.01.30"]
[Round "-"]
[White "DANDYLIONHONEYBADGER"]
[Black "Scooter"]
[Result "0-1"]
[WhiteCountry "USA"]
[BlackCountry "USA"]
[WhiteElo "1309"]
[WhiteRD "69"]
[BlackElo "1758"]
[BlackRD "59"]
[GameID "423887"]

1. e4 c6 2. Nc3 d5 3. f3 dxe4 4. Nxe4 Bf5 5. g4 Bxe4 6. fxe4 Nd7 7. d4 e6 8. Be2 Bb4+ 9. Bd2 Bxd2+ 10. Qxd2 Ngf6
11. Qe3 Nxg4 12. Qf3 Qh4+ 13. Qg3 Qxg3+ 14. Kd1 Qe3 15. Nf3 Nf2+ 16. Ke1 Nxe4 17. Rd1 Qf2#
0-1

[Event "only under 1900 (leisure version)"]
[Site "SchemingMind.com"]
[Date "2018.02.02"]
[Round "-"]
[White "dadshane2000"]
[Black "echecs"]
[Result "1-0"]
[WhiteCountry "USA"]
[BlackCountry "ENG"]
[WhiteElo "1930"]
[WhiteRD "87"]
[BlackElo "1736"]
[BlackRD "65"]
[GameID "424255"]

1. e4 e5 2. Nf3 Nc6 3. Bc4 Bc5 4. c3 Nf6 5. d3 O-O 6. O-O Be7 7. Re1 d6 8. d4 exd4 9. cxd4 Bg4 10. Nc3 a6
11. Be3 h6 12. h3 Bh5 13. Be2 Bg6 14. e5 dxe5 15. dxe5 Nd7 16. Bf4 Qe8 17. Nd5 Bd8 18. Bd3 Qe6 19. Bxg6 fxg6 20. Bh2 Nc5
21. Nf4 Qe8 22. Qd5+ Kh7 23. Qxc5 g5 24. Qc2+ g6 25. Nd3 Rf5 26. e6 Rc8 27. Nc5 Rb8 28. Rad1 Ne7 29. Nd7 Rc8 30. Nfe5 Kg7
31. g4 Rf6 32. Nxf6 Kxf6 33. Nd7+ Kg7 34. Qc3+
1-0

[Event "only under 1900 (leisure version)"]
[Site "SchemingMind.com"]
[Date "2018.02.02"]
[Round "-"]
[White "echecs"]
[Black "dadshane2000"]
[Result "1/2-1/2"]
[WhiteCountry "ENG"]
[BlackCountry "USA"]
[WhiteElo "1697"]
[WhiteRD "65"]
[BlackElo "1931"]
[BlackRD "86"]
[GameID "424256"]

1. e4 Nc6 2. Nc3 e5 3. Nf3 Nf6 4. d3 d5 5. exd5 Nxd5 6. Bd2 Bc5 7. Be2 O-O 8. O-O Be6 9. a3 f6 10. Ne4 Bb6
11. c4 Bxf2+ 12. Nxf2 Nde7 13. b4 a6 14. Ne4 b6 15. a4 f5 16. Neg5 Bd7 17. b5 Nd4 18. Nxe5 Bc8 19. Ngf7 Rxf7 20. Nxf7 Kxf7
21. Bf3 Nxf3+ 22. Qxf3 Be6 23. Bf4 Ng6 24. Bxc7 Qd4+ 25. Kh1 Ra7 26. Qc6 Ne7 27. Bxb6 Nxc6 28. Bxd4 Nxd4 29. b6 Rd7 30. Rab1 Rb7
31. g4 g6 32. h4 Kg7 33. g5 Bd7 34. a5 Bc6+ 35. Kg1 Nf3+ 36. Kf2 Nd2 37. Ke3 Nxf1+ 38. Rxf1 Kf7 39. d4 Re7+ 40. Kd3 Be4+=
1/2-1/2

[Event "only under 1900 (leisure version)"]
[Site "SchemingMind.com"]
[Date "2018.02.01"]
[Round "-"]
[White "echecs"]
[Black "Scooter"]
[Result "1-0"]
[WhiteCountry "ENG"]
[BlackCountry "USA"]
[WhiteElo "1785"]
[WhiteRD "73"]
[BlackElo "1679"]
[BlackRD "56"]
[GameID "424257"]

1. c4 Nf6 2. Nc3 c6 3. e3 d5 4. cxd5 cxd5 5. Nf3 a6 6. d4 Bg4 7. Be2 e6 8. O-O Bb4 9. Na4 O-O 10. b3 Ne4
11. a3 Bc3 12. Rb1 b5 13. Nc5 Nxc5 14. dxc5 b4 15. Bb2 Bxb2 16. Rxb2 a5 17. axb4 axb4 18. Qd4 Bxf3 19. Bxf3 Nc6 20. Qd2 Ra3
21. Be2 Qa5 22. Rc1 Ra8 23. g3 Ra1 24. Kg2 Rxc1 25. Qxc1 Rc8 26. Bd3 Ne5 27. Be2 Rxc5 28. Qd2 Rc3 29. Ra2 Qd8 30. Qd4 Nc6
31. Qd1 g6 32. Bb5 Na5 33. Ba4 Qa8 34. Qd4 Qb7 35. Rb2 h5 36. Kh3 Qe7 37. Qb6 Qc5 38. Qb8+ Kh7 39. Qf4 Kg7 40. Qe5+ Kh7
41. Qf6 Kg8 42. Be8 Qf8 43. Ba4 Qc5 44. Qd8+ Kg7 45. Qg5 f6 46. Qf4 Rc2 47. Rxc2 Qxc2 48. Qxb4 Qf5+ 49. Kg2 Qe4+ 50. Qxe4 dxe4
51. b4 Nc4 52. Bb3 Ne5 53. Bxe6 f5 54. b5 Kf6 55. Bc8 Nc4 56. Bd7 g5 57. Be8 h4 58. gxh4 gxh4 59. Kh3 Kg5 60. Bd7 Nb6
61. Bc6 Nc4= 62. Kg2 Kg4 63. h3+ Kg5 64. f4+ Kf6 65. Kf2 Ke6 66. Ke2 Kd6 67. Be8 Kc5 68. Bd7 Nd6 69. Kd2 Kb6 70. Kc3 Kc5
71. Kb3 Kb6 72. Kb4 Kc7 73. Be6 Kb6 74. Bc4 Ne8 75. Bd5 Nd6 76. Bc6 Kc7 77. Kc5 Nc8 78. Kd5 Nd6 79. Ke5
1-0

[Event "only under 1900 (leisure version)"]
[Site "SchemingMind.com"]
[Date "2018.02.01"]
[Round "-"]
[White "Scooter"]
[Black "echecs"]
[Result "0-1"]
[WhiteCountry "USA"]
[BlackCountry "ENG"]
[WhiteElo "1656"]
[WhiteRD "56"]
[BlackElo "1797"]
[BlackRD "72"]
[GameID "424258"]

1. d4 d5 2. Nf3 c6 3. Bf4 Nf6 4. e3 Bg4 5. Be2 Nbd7 6. O-O e6 7. Nbd2 Be7 8. c4 O-O 9. c5 a5 10. Ne5 Bxe2
11. Qxe2 Nxe5 12. Bxe5 b6 13. Bxf6 Bxf6 14. cxb6 Qxb6 15. Nb3 Be7 16. Rac1 Rfc8 17. Nc5 Bd6 18. b3 Qc7 19. Rc2 Bxh2+ 20. Kh1 Bd6
21. Rfc1 Qe7 22. g3 Qg5 23. Nb7 Qh6+ 24. Kg2 Bb4 25. Rxc6 Rxc6 26. Rxc6 Qf6 27. Ra6 Rxa6 28. Qxa6 h5 29. Nxa5 Qg6 30. Qc8+ Kh7
31. Qa6 Qe4+ 32. Kg1 Qb1+ 33. Kh2 Qe1 34. Qd3+ g6 35. Nc6 Qxf2+ 36. Kh3 Be1
0-1

[Event "only under 1900 (leisure version)"]
[Site "SchemingMind.com"]
[Date "2018.02.02"]
[Round "-"]
[White "echecs"]
[Black "Transcendent"]
[Result "1-0"]
[WhiteCountry "ENG"]
[BlackCountry "ENG"]
[WhiteElo "1736"]
[WhiteRD "65"]
[BlackElo "1325"]
[BlackRD "58"]
[GameID "424259"]

1. e4 e6 2. d4 d5 3. e5 c5 4. c3 Nc6 5. Nf3 Qb6 6. a3 Bd7 7. Be2 f6 8. O-O Be7 9. exf6 Nxf6 10. dxc5 Bxc5
11. b4 Bd6 12. Be3
1-0

[Event "only under 1900 (leisure version)"]
[Site "SchemingMind.com"]
[Date "2018.02.02"]
[Round "-"]
[White "Transcendent"]
[Black "echecs"]
[Result "0-1"]
[WhiteCountry "ENG"]
[BlackCountry "ENG"]
[WhiteElo "1325"]
[WhiteRD "58"]
[BlackElo "1736"]
[BlackRD "65"]
[GameID "424260"]

1. d4 d5 2. c4 c6 3. Nf3 Nf6 4. e3 e6 5. Nc3 Be7 6. Be2 O-O 7. O-O b6 8. Qc2 Na6 9. cxd5 Nb4 10. Qd1 Nbxd5
11. Nxd5 cxd5
0-1

[Event "only under 1900 (leisure version)"]
[Site "SchemingMind.com"]
[Date "2018.02.06"]
[Round "-"]
[White "DANDYLIONHONEYBADGER"]
[Black "echecs"]
[Result "0-1"]
[WhiteCountry "USA"]
[BlackCountry "ENG"]
[WhiteElo "1309"]
[WhiteRD "69"]
[BlackElo "1697"]
[BlackRD "65"]
[GameID "424262"]

1. e4 e5 2. Nc3 Nf6 3. Bd3 Bc5 4. Nh3 O-O 5. Na4 Be7 6. f3 d6 7. g4 a6 8. g5 Bxh3 9. gxf6 Bxf6 10. Qe2 Bh4+
11. Kd1 Nc6 12. c3 b5
0-1

[Event "only under 1900 (leisure version)"]
[Site "SchemingMind.com"]
[Date "2018.02.06"]
[Round "-"]
[White "echecs"]
[Black "TheHornedReaper "]
[Result "1-0"]
[WhiteCountry "ENG"]
[BlackCountry "ROU"]
[WhiteElo "1736"]
[WhiteRD "65"]
[BlackElo "1246"]
[BlackRD "49"]
[GameID "424263"]

1. e4 e6 2. d4 d5 3. Nc3 Bb4 4. e5 c5 5. a3 Bxc3+ 6. bxc3 Ne7 7. Nf3 Qc7 8. Bd2 Bd7 9. Be2 cxd4 10. cxd4 Nbc6
11. O-O O-O 12. Bd3 f6 13. exf6 Rxf6 14. Bg5 Rf7 15. c4 Raf8 16. cxd5 Nxd5 17. Bh4 Nce7 18. Ng5 Rf6 19. Bg3 Qd8 20. Nxh7 Nf5
21. Nxf6+ Rxf6 22. Be5 Rf7 23. Qh5 Be8 24. Qh3 Nde7 25. Bc4 Bd7 26. Rab1
1-0

[Event "only under 1900 (leisure version)"]
[Site "SchemingMind.com"]
[Date "2018.02.06"]
[Round "-"]
[White "TheHornedReaper "]
[Black "echecs"]
[Result "0-1"]
[WhiteCountry "ROU"]
[BlackCountry "ENG"]
[WhiteElo "1246"]
[WhiteRD "49"]
[BlackElo "1736"]
[BlackRD "65"]
[GameID "424264"]

1. e4 e5 2. Nf3 Nc6 3. Bb5 Nf6 4. d3 d6 5. h3 Bd7 6. O-O Be7 7. Be3 a6 8. Ba4 b5 9. Bb3 O-O 10. c3 a5
11. Bc2 Qc8 12. Re1 b4 13. Nbd2 bxc3 14. bxc3 Nd8 15. Rb1 Nb7 16. Nf1 g6 17. Ng3 Be6 18. Qd2 Bxa2 19. Rb2 Be6 20. Reb1 Nd8
21. Bh6 Re8 22. Ng5 c6 23. Nxe6 Nxe6 24. Bb3 Nc7
0-1

[Event "only under 1900 (leisure version)"]
[Site "SchemingMind.com"]
[Date "2018.02.21"]
[Round "-"]
[White "dadshane2000"]
[Black "slotheman"]
[Result "1-0"]
[WhiteCountry "USA"]
[BlackCountry "USA"]
[WhiteElo "1947"]
[WhiteRD "90"]
[BlackElo "1524"]
[BlackRD "91"]
[GameID "424968"]

1. e4 g6 2. d4 Bg7 3. Nc3 a6 4. f4 b5 5. Nf3 d6 6. Bd3 Bb7 7. Be3 Nd7 8. O-O Ngf6 9. e5 Ng4 10. Bd2 c5
11. exd6 e6 12. h3 Bxd4+ 13. Nxd4 cxd4 14. Ne4 Ngf6 15. Re1 Qb6 16. Nxf6+ Nxf6 17. a4 Qc6 18. d7+ Nxd7 19. Be4 Qc7 20. axb5 O-O
21. bxa6 Bxa6 22. Bxa8 Rxa8 23. Qf3 Ra7 24. c3 d3 25. Be3 Rb7 26. Rxa6 Rxb2 27. Ra8+ Nb8 28. Bd4 Rc2 29. Be5 Qb6+ 30. Kh2 d2
31. Rxb8+ Qxb8 32. Bxb8 dxe1=Q 33. Qc6 Qe2 34. Be5 Qxg2+ 35. Qxg2 Rxg2+ 36. Kxg2 Kf8 37. Kg3 Ke7 38. c4 Kd7 39. c5 Kc6 40. Bd4 Kd5
41. Kg4 Kc6 42. Kg5
1-0

[Event "only under 1900 (leisure version)"]
[Site "SchemingMind.com"]
[Date "2018.02.20"]
[Round "-"]
[White "slotheman"]
[Black "dadshane2000"]
[Result "0-1"]
[WhiteCountry "USA"]
[BlackCountry "USA"]
[WhiteElo "1524"]
[WhiteRD "91"]
[BlackElo "1947"]
[BlackRD "90"]
[GameID "424969"]

1. e4 e5 2. Nf3 Nc6 3. d4 exd4 4. Bb5 a6 5. Ba4 Bc5 6. O-O Nge7 7. a3 O-O 8. Bf4 d6 9. Bb3 Be6 10. Bxe6 fxe6
11. Bg5 Qe8 12. Nbd2 h6 13. Bh4 Ng6 14. Bg3 e5 15. b4 Ba7 16. Rb1 b5 17. Rb3 Qe7 18. c4 dxc3 19. Rxc3 Nd4 20. Nxd4 exd4
21. Rf3 Ne5 22. Rxf8+ Rxf8 23. Nf3 Nxf3+ 24. gxf3 Qf6 25. f4 Qg6 26. f5 Qf6 27. Qb3+ Kh8 28. Rc1 c5 29. Qd5 c4 30. Qb7 Rf7
31. Qxa6 d3 32. Qxb5 d2 33. Rd1 c3 34. Qd3 Bd4 35. b5 Ra7 36. Qc4 Rxa3 37. Bf4 Bc5 38. Rb1 Qh4 39. Bg3 Qg4 40. Qd3 c2
41. Qxc2 Rxg3+ 42. Kf1 Rg1#
0-1

[Event "only under 1900 (leisure version)"]
[Site "SchemingMind.com"]
[Date "2018.02.21"]
[Round "-"]
[White "echecs"]
[Black "slotheman"]
[Result "1-0"]
[WhiteCountry "ENG"]
[BlackCountry "USA"]
[WhiteElo "1733"]
[WhiteRD "65"]
[BlackElo "1593"]
[BlackRD "107"]
[GameID "424970"]

1. e4 g6 2. e5 Bg7 3. d4 c5 4. c3 cxd4 5. cxd4 Nc6 6. Nf3 d6 7. exd6 Qxd6 8. Be3 Qb4+ 9. Qd2 Nf6 10. Nc3 Bf5
11. Be2 Ne4 12. Nxe4 Qxd2+ 13. Nexd2 Nb4 14. O-O O-O 15. Nb3 b6 16. a3 Nd5 17. Bd2 Bc2 18. Bc4 Rad8 19. Rac1 Be4 20. Ne1 a5
21. Be3 Nxe3 22. fxe3 Bh6 23. Rc3 Rc8 24. Kf2 Kg7 25. Nd2 f5 26. Nef3 f4 27. Nxe4 fxe3+ 28. Ke2 Rb8 29. Bb5 Rbd8 30. Rc7 Kh8
31. Rxe7 Rc8 32. Nfg5 Rxf1 33. Kxf1 Rc1+ 34. Ke2 Bg7 35. Kxe3 Rb1 36. Re8+
1-0

[Event "only under 1900 (leisure version)"]
[Site "SchemingMind.com"]
[Date "2018.02.20"]
[Round "-"]
[White "slotheman"]
[Black "echecs"]
[Result "0-1"]
[WhiteCountry "USA"]
[BlackCountry "ENG"]
[WhiteElo "1679"]
[WhiteRD "121"]
[BlackElo "1697"]
[BlackRD "65"]
[GameID "424971"]

1. e4 e5 2. Nf3 Nc6 3. d4 exd4 4. Bb5 Bb4+ 5. Bd2 Bxd2+ 6. Qxd2 Nge7 7. Nxd4 Nxd4 8. Qxd4 O-O 9. Qxa7 Rxa7 10. O-O c6
11. Bd3 d5 12. Nd2 dxe4 13. Nxe4 Bf5 14. Nc5 Bxd3 15. Nxd3 Nd5 16. a3 Qf6 17. c3 Ra4 18. Nc5 Rh4 19. Nxb7 Qh6 20. h3 Nf4
21. Rad1 Rxh3 22. g3 Rh1#
0-1

[Event "only under 1900 (leisure version)"]
[Site "SchemingMind.com"]
[Date "2018.02.20"]
[Round "-"]
[White "slotheman"]
[Black "Scooter"]
[Result "0-1"]
[WhiteCountry "USA"]
[BlackCountry "USA"]
[WhiteElo "1649"]
[WhiteRD "119"]
[BlackElo "1729"]
[BlackRD "65"]
[GameID "424972"]

1. e4 c6 2. c4 d5 3. cxd5 cxd5 4. exd5 Qxd5 5. Nc3 Qd8 6. Bc4 Nf6 7. Nf3 e6 8. O-O b6 9. Re1 Ba6 10. Bb5+ Bxb5
11. Nxb5 Be7 12. Qc2 Bd6 13. Nxd6+ Qxd6 14. Ne5 O-O 15. b3 Nbd7 16. Bb2 Rac8 17. Bc3 Nxe5 18. Bxe5 Rxc2 19. Bxd6 Rd8 20. Bf4 Nd5
21. Bg5 f6 22. Bh4 Kf7 23. d4 Nc3 24. a4 Rxd4 25. Bg3 Ne2+ 26. Kf1 Nxg3+ 27. hxg3 Rdd2
0-1

[Event "only under 1900 (leisure version)"]
[Site "SchemingMind.com"]
[Date "2018.02.20"]
[Round "-"]
[White "Scooter"]
[Black "slotheman"]
[Result "1-0"]
[WhiteCountry "USA"]
[BlackCountry "USA"]
[WhiteElo "1704"]
[WhiteRD "73"]
[BlackElo "1524"]
[BlackRD "91"]
[GameID "424973"]

1. d4 g6 2. Nf3 Bg7 3. Bf4 d6 4. e3 c5 5. Bb5+ Nd7 6. O-O Nf6 7. c3 O-O 8. Nbd2 Qb6 9. Bxd7 Bxd7 10. Qb3 Be6
11. Qxb6 axb6 12. b3 Ra3 13. Nb1 Ra6 14. Nbd2 b5 15. a4 bxa4 16. Rxa4 Nd5 17. Rxa6 bxa6 18. c4 Nc3 19. Kh1 Ne2 20. Bg5 f6
21. Bh4 g5 22. Bg3 Nxg3+ 23. hxg3 a5 24. Ra1 Ra8 25. d5 f5 26. Rb1 Bf6 27. dxe6 g4 28. Nh4 a4 29. bxa4 Rxa4= 30. Nxf5 h5
31. Rb8+ Kh7 32. Nxe7 Ra1+ 33. Kh2 Bxe7 34. Rb7 Ra2 35. Rxe7+ Kg6 36. Ne4 Kf5 37. Nxd6+ Kf6 38. Nc8 Ra8 39. Re8 Rxc8 40. Rxc8 Kxe6
41. Rxc5
1-0

[Event "only under 1900 (leisure version)"]
[Site "SchemingMind.com"]
[Date "2018.02.25"]
[Round "-"]
[White "slotheman"]
[Black "DANDYLIONHONEYBADGER"]
[Result "1-0"]
[WhiteCountry "USA"]
[BlackCountry "USA"]
[WhiteElo "1524"]
[WhiteRD "91"]
[BlackElo "1404"]
[BlackRD "70"]
[GameID "424976"]

1. e4 e5 2. d4 Nc6 3. Nf3 exd4 4. Nxd4 Nxd4 5. Qxd4 c5 6. Qe3 Nf6 7. Be2 d5 8. exd5+ Be7 9. Bb5+ Bd7 10. Bc4 a6
11. Bd2 b6 12. Nc3 Ng4 13. Qg3 b5 14. Be2 Qc8 15. Ne4 Qb8 16. d6 Bd8 17. Bxg4 Bxg4 18. Qxg4 g6 19. d7+ Ke7 20. Nxc5 f5
21. Qe2+ Kf7 22. Qe6+
1-0

[Event "only under 1900 (leisure version)"]
[Site "SchemingMind.com"]
[Date "2018.02.25"]
[Round "-"]
[White "DANDYLIONHONEYBADGER"]
[Black "slotheman"]
[Result "0-1"]
[WhiteCountry "USA"]
[BlackCountry "USA"]
[WhiteElo "1366"]
[WhiteRD "71"]
[BlackElo "1593"]
[BlackRD "107"]
[GameID "424977"]

1. e4 g6 2. Nc3 Bg7 3. Nge2 d6 4. h3 e5 5. d4 Nc6 6. h4 exd4 7. Nd5 Nge7 8. Nxe7 Qxe7 9. Ng3 d5 10. Bd3 dxe4
11. Bg5 Qb4+ 12. c3 Qxb2 13. Ne2 dxc3
0-1

[Event "only under 1900 (leisure version)"]
[Site "SchemingMind.com"]
[Date "2018.03.24"]
[Round "-"]
[White "dadshane2000"]
[Black "Holty"]
[Result "1/2-1/2"]
[WhiteCountry "USA"]
[BlackCountry "ENG"]
[WhiteElo "1941"]
[WhiteRD "86"]
[BlackElo "1739"]
[BlackRD "59"]
[GameID "426135"]

1. e4 e6 2. d4 d5 3. Nc3 dxe4 4. Nxe4 Nf6 5. Nxf6+ Qxf6 6. Nf3 h6 7. Bd3 Be7 8. O-O Bd7 9. Ne5 Nc6 10. Nxc6 Bxc6
11. c3 O-O-O 12. f4 g6 13. Qg4 Qh4 14. Qxh4 Bxh4 15. a4 f5 16. b4 Bf6 17. b5 Bd7 18. a5 Kb8 19. Be3 g5 20. g3 Rdg8
21. Ra2 gxf4 22. Bxf4 h5 23. Rg2 Kc8 24. Rff2 c6 25. Rb2 h4 26. gxh4 Bxh4 27. Be5=
1/2-1/2

[Event "only under 1900 (leisure version)"]
[Site "SchemingMind.com"]
[Date "2018.03.24"]
[Round "-"]
[White "Holty"]
[Black "dadshane2000"]
[Result "0-1"]
[WhiteCountry "ENG"]
[BlackCountry "USA"]
[WhiteElo "1739"]
[WhiteRD "59"]
[BlackElo "1941"]
[BlackRD "86"]
[GameID "426136"]

1. d4 g6 2. e4 Bg7 3. Nc3 d6 4. Be3 a6 5. f4 b5 6. Bd3 Bb7 7. Nf3 Nd7 8. Qe2 b4 9. Nd1 Ngf6 10. Nf2 O-O
11. O-O c5 12. c3 a5 13. cxb4 cxb4 14. b3 Re8 15. Rac1 d5 16. Nd2 dxe4 17. Ndxe4 Nd5 18. Nd1 Nxe3 19. Qxe3 Nb6 20. Kh1 Bxd4
21. Qe2 Rc8 22. Ndf2 Nd5 23. g3 f5 24. Bc4 fxe4 25. Qxe4 Bg7 26. Rcd1 e6 27. Kg1 Qb6 28. Bxd5 exd5 29. Qb1 Re2 30. Qd3 Rcc2
31. Rc1 Rxf2
0-1